000 01282nam a2200229Ia 4500
001 L235-10749
003 IT-CnALBA
008 170116s9999||||xx |||||||||||||| ||und||
040 _aIT-CnALBA
_cIT-CnALBA
041 _aITALIANO
100 _aBOSCO GIOVANNI, SANTO.
245 0 _aCENNO BIOGRAFICO DEL GIOVANETTO MAGONE MICHELE, ALLIEVO DELL'ORATORIO DI SAN FRANCESCO DI SALES. (DON BOSCO).
250 _a4a ed.
260 _a TO BO CT PA
_bSOCIETÀ ED. INTER.
_c1893 [1° Ed.: n.d.]
300 _a84 p. (prefazione: 3)
500 _aINCONTRO DI MICHELE MAGONE CON DON BOSCO. GIOVANE ESUBERANTE. CARATTERE BUONO. INGRESSO NELL'ORATORIO DI S. FRANCESCO DI SALES. DIFFICOLTÀ E IMPEGNO MORALE. FREQUENZA DEI SACRAMENTI. PRATICHE DI PIETÀ. PUNTUALITA' NEI DOVERI. DEVOZIONE MARIANA. PUREZZA. C
501 _aSocietà San Paolo EM - Piazza San Paolo, 14 - 12051 ALBA (CN) (non commercial uses only) ® Copyright 2017
520 _aINCONTRO DI MICHELE MAGONE CON DON BOSCO. GIOVANE ESUBERANTE. CARATTERE BUONO. INGRESSO NELL'ORATORIO DI S. FRANCESCO DI SALES. DIFFICOLTÀ E IMPEGNO MORALE. FREQUENZA DEI SACRAMENTI. PRATICHE DI PIETÀ. PUNTUALITA' NEI DOVERI. DEVOZIONE MARIANA. PUREZZA. C
650 _aMARIA SS. ANGELI SANTI DEMONI
942 _cBK
957 _71
999 _a15502
_bSI
_g Copie: 1
_c269926
_d269926